Statistics for The 10 Smartest US States

Click here to take the quiz!

General Stats

  • This quiz has been taken 166 times
  • The average score is 6 of 10

Answer Stats

RankScoreUS State% Correct
135.3Massachusetts
80%
426.4Connecticut
75%
327.5New Hampshire
72%
721.8Vermont
72%
920.4New Jersey
72%
1019.5Colorado
63%
232.8Minnesota
58%
522.2Wisconsin
54%
821.5Iowa
53%
622Kansas
34%

Score Distribution

Percentile by Number Answered

Percent of People with Each Score

Your Score History

You have not taken this quiz